[Event "Montcalm op 2 2017-18"]
[Site "Quebec CAN"]
[Date "2017.11.02"]
[Round "4"]
[White "Cummins, Paul"]
[Black "Dube, Dominic"]
[Result "0-1"]
[WhiteElo "1808"]
[BlackElo "1827"]
[WhiteFideId "-1"]
[WhiteFideId "-1"]
[PlyCount "166"]
[GameId "2160767908317508"]
[EventDate "2017.10.12"]
[EventType "swiss"]
[EventRounds "5"]
[EventCountry "CAN"]
[SourceTitle "EXT 2022"]
[Source "ChessBase"]
[SourceDate "2021.10.06"]
[SourceVersion "1"]
[SourceVersionDate "2021.10.06"]
[SourceQuality "1"]

1. e4 c6 2. Nc3 d5 3. d4 dxe4 4. Nxe4 Bf5 5. Ng3 Bg6 6. h4 h6 7. Nf3 Nd7 8. h5 Bh7 9. Bd3 Bxd3 10. Qxd3 Ngf6 11. Bd2 e6 12. O-O-O Qc7 13. Kb1 O-O-O 14. c4 c5 15. Qe2 Bd6 16. Nf1 cxd4 17. Nxd4 Bc5 18. Nb5 Qb6 19. Be3 Ne5 20. Nd2 Bxe3 21. fxe3 a6 22. Nd4 Nfd7 23. N2f3 Kb8 24. Rc1 Rc8 25. Rc3 Qb4 26. Rh4 Ka8 27. c5 Nxf3 28. Nxf3 Qa5 29. b4 Qc7 30. c6 Nb8 31. b5 bxc6 32. bxa6 Qb6+ 33. Rb3 Qxa6 34. Qxa6+ Nxa6 35. Ra4 Ka7 36. Nd4 e5 37. Nf5 Rb8 38. Ne7 Rxb3+ 39. axb3 c5 40. Nc6+ Kb6 41. Nxe5 Nb4 42. Nc4+ Kb7 43. Ra5 Nd3 44. Ra2 f6 45. Rd2 Nb4 46. Rd7+ Kc6 47. Rxg7 Kd5 48. Kc1 Ke4 49. Rg6 Nd5 50. Kd2 Ra8 51. Ke2 Ra2+ 52. Nd2+ Ke5 53. Rxh6 Ra1 54. Rh8 f5 55. h6 Nf6 56. Nf3+ Kd6 57. h7 Nxh7 58. Rxh7 Ra2+ 59. Kf1 Rb2 60. Rb7 c4 61. Nd4 Rb1+ 62. Kf2 c3 63. Rb6+ Kd5 64. Rc6 Rc1 65. b4 Ke4 66. b5 Kd3 67. b6 Rb1 68. Kf3 Rf1+ 69. Kg3 f4+ 70. Kg4 fxe3 71. Ne2 c2 72. Rc3+ Kd2 73. b7 Rb1 74. Rc7 Kxe2 75. Rxc2+ Kd3 76. Rc7 e2 77. Rd7+ Ke3 78. Re7+ Kf2 79. Rf7+ Kxg2 80. Re7 Kf2 81. Rf7+ Kg2 82. Re7 Rb4+ 83. Kf5 Kf2 0-1

[Event "Montcalm op 2 2017-18"]
[Site "Quebec CAN"]
[Date "2017.11.02"]
[Round "4"]
[White "Dumont, Eric"]
[Black "Chouinard, Etienne"]
[Result "1-0"]
[WhiteElo "1666"]
[BlackElo "1880"]
[WhiteFideId "-1"]
[WhiteFideId "-1"]
[PlyCount "134"]
[GameId "2160767908317509"]
[EventDate "2017.10.12"]
[EventType "swiss"]
[EventRounds "5"]
[EventCountry "CAN"]
[SourceTitle "EXT 2022"]
[Source "ChessBase"]
[SourceDate "2021.10.06"]
[SourceVersion "1"]
[SourceVersionDate "2021.10.06"]
[SourceQuality "1"]

1. d4 d5 2. Bf4 Nf6 3. e3 e6 4. Nd2 c5 5. c3 Nbd7 6. h3 Be7 7. Ngf3 b6 8. Bb5 Bb7 9. Ne5 Qc8 10. Qa4 a6 11. Bc6 b5 12. Bxb7 Qxb7 13. Qd1 cxd4 14. exd4 O-O 15. O-O Rfc8 16. Ndf3 Ne4 17. Re1 a5 18. Nxd7 Qxd7 19. Ne5 Qb7 20. Qh5 g6 21. Qf3 b4 22. c4 f6 23. Ng4 Rxc4 24. Qd3 Rac8 25. f3 Rxd4 26. Qxd4 Bc5 27. Rxe4 dxe4 28. Nxf6+ Kf7 29. Qxc5 Rxc5 30. Nxe4 Rc6 31. Rd1 Qa7+ 32. Kh2 Rc2 33. Be5 g5 34. Rd8 Qe7 35. Rh8 Kg6 36. Rg8+ Kf5 37. Bd6 Qxd6+ 38. Nxd6+ Ke5 39. Nf7+ Kf6 40. Nxg5 Rxb2 41. Ne4+ Kf7 42. Ra8 Rxa2 43. Nc5 Ke7 44. Ra6 Kf6 45. Rb6 Kf5 46. Nxe6 b3 47. Nc5 b2 48. Rb4 a4 49. Nxa4 Rxa4 50. Rxb2 h5 51. g4+ Kg6 52. Kg3 hxg4 53. hxg4 Ra1 54. f4 Ra3+ 55. Kh4 Ra6 56. Rb5 Ra1 57. Rb6+ Kg7 58. Kg5 Ra7 59. f5 Kf7 60. Rh6 Ra4 61. Rh7+ Kg8 62. Rb7 Kf8 63. Kh5 Rf4 64. Kg5 Ra4 65. f6 Rc4 66. Kh5 Re4 67. g5 Re8 1-0

[Event "Montcalm op 2 2017-18"]
[Site "Quebec CAN"]
[Date "2017.11.02"]
[Round "4"]
[White "Gaulin, Gaetan"]
[Black "Sarra-Bournet, Marc"]
[Result "1-0"]
[WhiteElo "1947"]
[BlackElo "1771"]
[WhiteFideId "-1"]
[WhiteFideId "-1"]
[PlyCount "93"]
[GameId "2160767908317510"]
[EventDate "2017.10.12"]
[EventType "swiss"]
[EventRounds "5"]
[EventCountry "CAN"]
[SourceTitle "EXT 2022"]
[Source "ChessBase"]
[SourceDate "2021.10.06"]
[SourceVersion "1"]
[SourceVersionDate "2021.10.06"]
[SourceQuality "1"]

1. Nf3 d5 2. d4 Nf6 3. e3 e6 4. Bd3 Be7 5. b3 O-O 6. O-O c5 7. Bb2 Nc6 8. a3 Qc7 9. Nbd2 cxd4 10. exd4 Bd6 11. Re1 Bf4 12. Qe2 Ng4 13. h3 Nh2 14. Nxh2 Bxh2+ 15. Kh1 Bf4 16. Nf3 Qb6 17. g3 Bh6 18. Kg2 Bd7 19. Rad1 Rad8 20. b4 a6 21. Nh2 g6 22. c3 Bg7 23. f4 Qc7 24. Nf3 f6 25. c4 Rde8 26. Rc1 Qc8 27. b5 e5 28. dxe5 Bxh3+ 29. Kh2 fxe5 30. Nxe5 Nxe5 31. Bxe5 Bg4 32. Qb2 Bxe5 33. Rxe5 axb5 34. cxd5 Qd8 35. Rce1 Bf3 36. Qxb5 Rxe5 37. Rxe5 Qd6 38. Qb4 Rd8 39. Re8+ Kf7 40. Rxd8 Qxd8 41. Qxb7+ Kg8 42. Bc4 Kf8 43. Qb3 Bg4 44. Qb4+ Ke8 45. d6 Bd7 46. Qe1+ Kf8 47. Qe5 1-0

[Event "Montcalm op 2 2017-18"]
[Site "Quebec CAN"]
[Date "2017.11.02"]
[Round "4"]
[White "Lapierre, Gaetan"]
[Black "Leblanc-Legault, Mathieu"]
[Result "0-1"]
[WhiteElo "1834"]
[BlackElo "1694"]
[WhiteFideId "-1"]
[WhiteFideId "-1"]
[PlyCount "96"]
[GameId "2160767908317511"]
[EventDate "2017.10.12"]
[EventType "swiss"]
[EventRounds "5"]
[EventCountry "CAN"]
[SourceTitle "EXT 2022"]
[Source "ChessBase"]
[SourceDate "2021.10.06"]
[SourceVersion "1"]
[SourceVersionDate "2021.10.06"]
[SourceQuality "1"]

1. e4 c6 2. d4 d5 3. Nc3 dxe4 4. Nxe4 Nd7 5. Bc4 Ngf6 6. Nxf6+ Nxf6 7. Nf3 Bf5 8. c3 e6 9. Bf4 Bd6 10. Bxd6 Qxd6 11. Ne5 O-O 12. Qe2 c5 13. Rd1 Rfd8 14. O-O Qc7 15. dxc5 Qxc5 16. Rfe1 a6 17. Bb3 h5 18. Bc2 Bxc2 19. Qxc2 Rd5 20. Nd3 Qc7 21. Nb4 Rf5 22. h3 a5 23. Nd3 Rd8 24. Nc1 Rdd5 25. Rxd5 Rxd5 26. Rd1 Qd6 27. Rxd5 Qxd5 28. Qd3 Kf8 29. Qxd5 Nxd5 30. Nd3 Ke7 31. c4 Nc7 32. Kf1 Kd6 33. Ke2 Na6 34. f4 f6 35. Ke3 b6 36. Kd4 Kc6 37. a3 Nc5 38. b4 Nxd3 39. Kxd3 Kd6 40. g4 hxg4 41. hxg4 g6 42. g5 fxg5 43. fxg5 Ke5 44. Ke3 axb4 45. axb4 Kf5 46. c5 bxc5 47. b5 Ke5 48. b6 Kd6 0-1

[Event "Montcalm op 2 2017-18"]
[Site "Quebec CAN"]
[Date "2017.11.02"]
[Round "4"]
[White "Lessard, Claude"]
[Black "Pare, Marc"]
[Result "1-0"]
[WhiteElo "2152"]
[BlackElo "2001"]
[WhiteFideId "-1"]
[WhiteFideId "-1"]
[PlyCount "57"]
[GameId "2160767908317512"]
[EventDate "2017.10.12"]
[EventType "swiss"]
[EventRounds "5"]
[EventCountry "CAN"]
[SourceTitle "EXT 2022"]
[Source "ChessBase"]
[SourceDate "2021.10.06"]
[SourceVersion "1"]
[SourceVersionDate "2021.10.06"]
[SourceQuality "1"]

1. e4 d5 2. exd5 Nf6 3. Nf3 Nxd5 4. d4 g6 5. c4 Nb6 6. c5 Nd5 7. Bc4 Nc6 8. Nc3 Nxc3 9. bxc3 Bg7 10. O-O O-O 11. Re1 h6 12. Bb5 Bd7 13. Bd3 Bg4 14. Rb1 e5 15. Rxb7 exd4 16. Be4 Ne5 17. cxd4 Nxf3+ 18. Bxf3 Bxf3 19. Qxf3 Qxd4 20. Rxc7 Rac8 21. Rxc8 Rxc8 22. Be3 Qc3 23. Rc1 Qb2 24. Qg4 Re8 25. Qc4 Qa3 26. c6 Be5 27. Rd1 Bd6 28. g3 h5 29. Rd3 1-0

[Event "Montcalm op 2 2017-18"]
[Site "Quebec CAN"]
[Date "2017.11.09"]
[Round "5"]
[White "Dube, Dominic"]
[Black "Gaulin, Gaetan"]
[Result "0-1"]
[WhiteElo "1827"]
[BlackElo "1947"]
[WhiteFideId "-1"]
[WhiteFideId "-1"]
[PlyCount "57"]
[GameId "2160767908317513"]
[EventDate "2017.10.12"]
[EventType "swiss"]
[EventRounds "5"]
[EventCountry "CAN"]
[SourceTitle "EXT 2022"]
[Source "ChessBase"]
[SourceDate "2021.10.06"]
[SourceVersion "1"]
[SourceVersionDate "2021.10.06"]
[SourceQuality "1"]

1. e4 d6 2. d4 Nf6 3. Nc3 g6 4. Nf3 c6 5. Bg5 Bg7 6. h3 Qb6 7. Rb1 Be6 8. Bd3 Na6 9. Qe2 Nb4 10. a3 Nxd3+ 11. Qxd3 Rd8 12. O-O O-O 13. Qe3 Rfe8 14. Nd2 d5 15. e5 Nd7 16. b4 f6 17. exf6 exf6 18. Bf4 Bf5 19. Na4 Rxe3 20. Nxb6 Rxa3 21. Bc7 Nxb6 22. Bxd8 Bxc2 23. Rbe1 Bf8 24. Bxf6 Bxb4 25. Bg5 Bd3 26. Re8+ Kf7 27. Rfe1 Ra2 28. Bh6 Nc4 29. Rf8+ 0-1

[Event "Montcalm op 2 2017-18"]
[Site "Quebec CAN"]
[Date "2017.11.09"]
[Round "5"]
[White "Leblanc-Legault, Mathieu"]
[Black "Gagnon, Stephane"]
[Result "1/2-1/2"]
[WhiteElo "1694"]
[BlackElo "1528"]
[WhiteFideId "-1"]
[WhiteFideId "-1"]
[PlyCount "150"]
[GameId "2160767908317514"]
[EventDate "2017.10.12"]
[EventType "swiss"]
[EventRounds "5"]
[EventCountry "CAN"]
[SourceTitle "EXT 2022"]
[Source "ChessBase"]
[SourceDate "2021.10.06"]
[SourceVersion "1"]
[SourceVersionDate "2021.10.06"]
[SourceQuality "1"]

1. d4 d5 2. Nf3 Nf6 3. e3 Bf5 4. Bd3 e6 5. O-O Bd6 6. c4 c6 7. Bxf5 exf5 8. cxd5 Nxd5 9. Nc3 Nf6 10. Qc2 g6 11. b3 Qe7 12. h3 Ne4 13. a3 Nd7 14. Bb2 g5 15. Nxe4 fxe4 16. Nd2 f5 17. Nc4 Rg8 18. Nxd6+ Qxd6 19. Qc4 O-O-O 20. Rac1 Kb8 21. Rfd1 Nf6 22. Qc5 Nd5 23. Qxd6+ Rxd6 24. Kf1 h5 25. Ke2 Rdg6 26. g3 f4 27. Rf1 Kc8 28. Rc5 Kd7 29. Bc1 Rf6 30. exf4 gxf4 31. Bxf4 b6 32. Rc2 Nxf4+ 33. gxf4 Rxf4 34. Rfc1 Rg6 35. Rc3 Rgf6 36. Rf1 Kd6 37. f3 Kd5 38. Rg1 exf3+ 39. Kf2 Kxd4 40. Rc4+ Ke5 41. Rg5+ R4f5 42. Rxf5+ Kxf5 43. Kxf3 Kg5+ 44. Ke3 c5 45. h4+ Kf5 46. Rf4+ Kg6 47. Re4 Kf7 48. Kd3 Rd6+ 49. Kc3 Kf6 50. b4 Rd4 51. Re8 Rxh4 52. bxc5 Rh3+ 53. Kc4 bxc5 54. a4 Ra3 55. Kb5 a6+ 56. Ka5 h4 57. Rc8 h3 58. Rxc5 Ra1 59. Rh5 Ra3 60. Rh4 Kg5 61. Rh8 Kg4 62. Rh6 Kg3 63. Rg6+ Kf2 64. Rh6 Kg2 65. Kb4 Rg3 66. Rxa6 h2 67. Rh6 Rh3 68. Rg6+ Kf3 69. Rf6+ Ke2 70. Re6+ Kf3 71. Re1 h1=Q 72. Rxh1 Rxh1 73. a5 Ke4 74. Kc5 Rc1+ 75. Kb6 Kd5 1/2-1/2

[Event "Montcalm op 2 2017-18"]
[Site "Quebec CAN"]
[Date "2017.11.09"]
[Round "5"]
[White "Pare, Marc"]
[Black "Cummins, Paul"]
[Result "1-0"]
[WhiteElo "2001"]
[BlackElo "1808"]
[WhiteFideId "-1"]
[WhiteFideId "-1"]
[PlyCount "61"]
[GameId "2160767908317515"]
[EventDate "2017.10.12"]
[EventType "swiss"]
[EventRounds "5"]
[EventCountry "CAN"]
[SourceTitle "EXT 2022"]
[Source "ChessBase"]
[SourceDate "2021.10.06"]
[SourceVersion "1"]
[SourceVersionDate "2021.10.06"]
[SourceQuality "1"]

1. b3 e5 2. Bb2 Nc6 3. e3 d5 4. Bb5 Bd6 5. f4 Qe7 6. Nf3 f6 7. Nc3 Qf7 8. fxe5 fxe5 9. O-O Nf6 10. e4 a6 11. Bd3 Nb4 12. Nxd5 Nxd3 13. Nxf6+ gxf6 14. cxd3 Qg7 15. d4 Bg4 16. Qe1 O-O-O 17. dxe5 Bxf3 18. Rxf3 fxe5 19. d3 h5 20. Qg3 Qe7 21. Raf1 Rdf8 22. Rxf8+ Rxf8 23. Rxf8+ Qxf8 24. Bxe5 Bb4 25. d4 Qe8 26. h3 Ba5 27. Qg7 Bb6 28. Kh2 c6 29. Qh7 Bd8 30. Qf5+ Qd7 31. Qxh5 1-0

[Event "Montcalm op 2 2017-18"]
[Site "Quebec CAN"]
[Date "2017.11.09"]
[Round "5"]
[White "Perreault, Jacquelin"]
[Black "Dumont, Eric"]
[Result "1-0"]
[WhiteElo "1850"]
[BlackElo "1666"]
[WhiteFideId "-1"]
[WhiteFideId "-1"]
[PlyCount "119"]
[GameId "2160767908317516"]
[EventDate "2017.10.12"]
[EventType "swiss"]
[EventRounds "5"]
[EventCountry "CAN"]
[SourceTitle "EXT 2022"]
[Source "ChessBase"]
[SourceDate "2021.10.06"]
[SourceVersion "1"]
[SourceVersionDate "2021.10.06"]
[SourceQuality "1"]

1. e4 c6 2. d4 d5 3. Nd2 dxe4 4. Nxe4 Bf5 5. Ng3 Bg6 6. h4 h6 7. h5 Bh7 8. Nf3 Nf6 9. Bd3 Bxd3 10. Qxd3 e6 11. Bd2 Na6 12. O-O-O Qb6 13. Kb1 Bd6 14. Ne4 Nxe4 15. Qxe4 O-O-O 16. Ne5 Qc7 17. g4 f6 18. Nc4 Qd7 19. Nxd6+ Qxd6 20. Bf4 Qd5 21. Qxd5 exd5 22. Rde1 Rde8 23. Kc1 Nc7 24. Bxc7 Kxc7 25. Kd2 Kd6 26. Kd3 b6 27. f3 Rhf8 28. f4 a6 29. c3 c5 30. b3 Rh8 31. Rhg1 Rhf8 32. Rxe8 Rxe8 33. g5 cxd4 34. cxd4 fxg5 35. fxg5 Re6 36. Rg3 hxg5 37. Rxg5 Rh6 38. Ke3 Ke6 39. Kf4 Rf6+ 40. Kg4 Rf1 41. Rg6+ Kf7 42. Rd6 Rg1+ 43. Kf4 Rg2 44. a4 b5 45. axb5 axb5 46. Rxd5 Rd2 47. Ke3 Rh2 48. Rxb5 Rh3+ 49. Ke4 Rh4+ 50. Kd3 Ke6 51. Kc4 Kf6 52. b4 g5 53. hxg6 Kxg6 54. Re5 Kf6 55. b5 Rh1 56. b6 Rh8 57. b7 Rb8 58. Rb5 Ke6 59. Kc5 Kd7 60. Kb6 1-0

[Event "Montcalm op 2 2017-18"]
[Site "Quebec CAN"]
[Date "2017.11.09"]
[Round "5"]
[White "Sarra-Bournet, Marc"]
[Black "Lessard, Claude"]
[Result "0-1"]
[WhiteElo "1771"]
[BlackElo "2152"]
[WhiteFideId "-1"]
[WhiteFideId "-1"]
[PlyCount "84"]
[GameId "2160767908317517"]
[EventDate "2017.10.12"]
[EventType "swiss"]
[EventRounds "5"]
[EventCountry "CAN"]
[SourceTitle "EXT 2022"]
[Source "ChessBase"]
[SourceDate "2021.10.06"]
[SourceVersion "1"]
[SourceVersionDate "2021.10.06"]
[SourceQuality "1"]

1. e4 c6 2. d4 d5 3. Nc3 dxe4 4. Nxe4 Nf6 5. Nxf6+ gxf6 6. c3 e5 7. Be3 Be6 8. Nf3 Nd7 9. Be2 Rg8 10. g3 e4 11. Nh4 f5 12. Ng2 Bd6 13. Nf4 Nb6 14. Nxe6 fxe6 15. Bh5+ Kd7 16. Qb3 Qf6 17. O-O-O f4 18. gxf4 Bxf4 19. Rdf1 Raf8 20. Be2 Qh6 21. c4 Rg2 22. c5 Rxf2 23. Bxf4 R8xf4 24. Kd1 Rxf1+ 25. Rxf1 Rxf1+ 26. Bxf1 Nd5 27. Qxb7+ Nc7 28. h3 Qf6 29. Ba6 Qxd4+ 30. Ke2 Qe5 31. Ke3 Qxc5+ 32. Kxe4 Kd6 33. Qb8 Qf5+ 34. Kd4 c5+ 35. Kc3 Qxh3+ 36. Kc2 Qh2+ 37. Kb3 Qh3+ 38. Kc2 Qg2+ 39. Kc3 Qg3+ 40. Kc2 Qf2+ 41. Kc3 Qd4+ 42. Kc2 Qa4+ 0-1

[Event "Montcalm op 3 2017-18"]
[Site "Quebec CAN"]
[Date "2017.11.16"]
[Round "1"]
[White "Cournoyer, Dominic"]
[Black "Leblanc-Legault, Mathieu"]
[Result "1-0"]
[WhiteElo "1902"]
[BlackElo "1712"]
[WhiteFideId "-1"]
[WhiteFideId "-1"]
[PlyCount "95"]
[GameId "2160767908300677"]
[EventDate "2017.11.16"]
[EventType "swiss"]
[EventRounds "5"]
[EventCountry "CAN"]
[SourceTitle "EXT 2022"]
[Source "ChessBase"]
[SourceDate "2021.10.06"]
[SourceVersion "1"]
[SourceVersionDate "2021.10.06"]
[SourceQuality "1"]

1. c4 Nf6 2. Nc3 c6 3. Nf3 d5 4. cxd5 cxd5 5. d4 Nc6 6. Bf4 a6 7. h3 Bf5 8. e3 e6 9. Be2 h6 10. Qb3 Na5 11. Qa4+ Nc6 12. Ne5 Qb6 13. O-O Be7 14. Rac1 Rc8 15. Nxc6 Rxc6 16. Nb1 Bxb1 17. Rxc6 Qxc6 18. Qxc6+ bxc6 19. Rxb1 Kd7 20. Rc1 Ra8 21. Rc3 Bd6 22. Bxd6 Kxd6 23. Ra3 c5 24. dxc5+ Kxc5 25. Rxa6 Rxa6 26. Bxa6 e5 27. Kf1 Nd7 28. Ke1 Nb6 29. Kd2 f5 30. a3 g5 31. b4+ Kc6 32. Kc3 f4 33. Kb3 fxe3 34. fxe3 Kd6 35. a4 h5 36. a5 Nd7 37. Be2 h4 38. b5 Kc5 39. b6 d4 40. exd4+ exd4 41. b7 Kc6 42. Bf3+ Kc7 43. Kc4 g4 44. Bxg4 Ne5+ 45. Kxd4 Nc6+ 46. Ke3 Nxa5 47. Bf3 Nc4+ 48. Kf4 1-0

[Event "Montcalm op 3 2017-18"]
[Site "Quebec CAN"]
[Date "2017.11.16"]
[Round "1"]
[White "Gagnon, Stephane"]
[Black "Chouinard, Etienne"]
[Result "0-1"]
[WhiteElo "1606"]
[BlackElo "1903"]
[WhiteFideId "-1"]
[WhiteFideId "-1"]
[PlyCount "86"]
[GameId "2160767908300678"]
[EventDate "2017.11.16"]
[EventType "swiss"]
[EventRounds "5"]
[EventCountry "CAN"]
[SourceTitle "EXT 2022"]
[Source "ChessBase"]
[SourceDate "2021.10.06"]
[SourceVersion "1"]
[SourceVersionDate "2021.10.06"]
[SourceQuality "1"]

1. d4 d5 2. c4 e6 3. g3 Nf6 4. Bg2 c6 5. Nc3 dxc4 6. Bg5 h6 7. Bxf6 Qxf6 8. Nf3 Nd7 9. a4 a5 10. O-O Bb4 11. e4 O-O 12. Qc2 Nb6 13. Rfd1 Rd8 14. e5 Qe7 15. Ne4 Bd7 16. Nfd2 Bxd2 17. Rxd2 Qb4 18. Ra3 Nd5 19. Bf1 b5 20. Nd6 c3 21. Rd3 Qxb2 22. Qxb2 cxb2 23. Rab3 b4 24. Rxb2 Nc3 25. Nb7 Rdb8 26. Nc5 Be8 27. f4 Rd8 28. g4 Nd5 29. Rf2 Ra7 30. f5 exf5 31. gxf5 g5 32. e6 Nf4 33. Rdd2 f6 34. Rf3 Re7 35. h4 Rd5 36. Nd7 Bxd7 37. exd7 Rdxd7 38. hxg5 hxg5 39. Bc4+ Kf8 40. Rh2 Rh7 41. Rd2 Rh3 42. Rxh3 Nxh3+ 43. Kf1 Nf4 0-1

[Event "Montcalm op 3 2017-18"]
[Site "Quebec CAN"]
[Date "2017.11.16"]
[Round "1"]
[White "Gaulin, Gaetan"]
[Black "Cummins, Paul"]
[Result "1-0"]
[WhiteElo "1956"]
[BlackElo "1792"]
[WhiteFideId "-1"]
[WhiteFideId "-1"]
[PlyCount "81"]
[GameId "2160767908300679"]
[EventDate "2017.11.16"]
[EventType "swiss"]
[EventRounds "5"]
[EventCountry "CAN"]
[SourceTitle "EXT 2022"]
[Source "ChessBase"]
[SourceDate "2021.10.06"]
[SourceVersion "1"]
[SourceVersionDate "2021.10.06"]
[SourceQuality "1"]

1. Nf3 e6 2. d4 b6 3. g3 Bb7 4. Bg2 Nf6 5. c4 c5 6. O-O cxd4 7. Qxd4 Nc6 8. Qf4 Qb8 9. Rd1 Qxf4 10. Bxf4 d5 11. Ne5 Nxe5 12. Bxe5 Ng4 13. Bc3 Bc5 14. Bd4 Bxd4 15. Rxd4 Nf6 16. Nc3 Rd8 17. Rad1 Ke7 18. cxd5 exd5 19. Nxd5+ Bxd5 20. Bxd5 Rxd5 21. Rxd5 Nxd5 22. Rxd5 Rc8 23. Rd2 Ke6 24. h4 Rc4 25. Kg2 f5 26. Kf3 h6 27. e3 g6 28. Ke2 b5 29. Kd1 Rc5 30. Rc2 Rd5+ 31. Ke2 a5 32. Rc6+ Kf7 33. b3 Kg7 34. a4 Kf7 35. Rb6 bxa4 36. bxa4 Rd7 37. h5 gxh5 38. Rxh6 Kg7 39. Rb6 Rc7 40. Rb5 Rc2+ 41. Kf3 1-0

[Event "Montcalm op 3 2017-18"]
[Site "Quebec CAN"]
[Date "2017.11.16"]
[Round "1"]
[White "Lapierre, Gaetan"]
[Black "Pare, Marc"]
[Result "0-1"]
[WhiteElo "1820"]
[BlackElo "1997"]
[WhiteFideId "-1"]
[WhiteFideId "-1"]
[PlyCount "61"]
[GameId "2160767908300680"]
[EventDate "2017.11.16"]
[EventType "swiss"]
[EventRounds "5"]
[EventCountry "CAN"]
[SourceTitle "EXT 2022"]
[Source "ChessBase"]
[SourceDate "2021.10.06"]
[SourceVersion "1"]
[SourceVersionDate "2021.10.06"]
[SourceQuality "1"]

1. e4 d5 2. exd5 Nf6 3. Nf3 Nxd5 4. d4 g6 5. c4 Nb6 6. Be2 Bg7 7. O-O O-O 8. Nc3 Bg4 9. Be3 Nc6 10. d5 Bxf3 11. gxf3 Ne5 12. Bd4 c5 13. Bxc5 Nexc4 14. Bxc4 Nxc4 15. Qe2 Nd6 16. Ne4 Nf5 17. Rfd1 b6 18. Be3 Qd7 19. Ng3 Rad8 20. Rac1 Rfe8 21. Bf4 Nd4 22. Qe4 Qxd5 23. Qxd5 Rxd5 24. Kg2 e5 25. Be3 Red8 26. Rc7 R5d7 27. Rdc1 Ne6 28. Rxd7 Rxd7 29. Ne4 f5 30. Rc8+ Kf7 31. Nc3 0-1

[Event "Montcalm op 3 2017-18"]
[Site "Quebec CAN"]
[Date "2017.11.16"]
[Round "1"]
[White "Lessard, Claude"]
[Black "Perreault, Jacquelin"]
[Result "1-0"]
[WhiteElo "2121"]
[BlackElo "1847"]
[WhiteFideId "-1"]
[WhiteFideId "-1"]
[PlyCount "75"]
[GameId "2160767908300681"]
[EventDate "2017.11.16"]
[EventType "swiss"]
[EventRounds "5"]
[EventCountry "CAN"]
[SourceTitle "EXT 2022"]
[Source "ChessBase"]
[SourceDate "2021.10.06"]
[SourceVersion "1"]
[SourceVersionDate "2021.10.06"]
[SourceQuality "1"]

1. d4 Nf6 2. Nf3 b6 3. e3 Bb7 4. Bd3 e6 5. O-O d6 6. c4 Be7 7. Nc3 c5 8. b3 Nbd7 9. Bb2 O-O 10. Re1 Rc8 11. Rc1 Qc7 12. d5 exd5 13. cxd5 a6 14. Bf5 Rfe8 15. e4 g6 16. Bh3 Rcd8 17. a4 Bf8 18. g3 Bg7 19. Nd2 Bc8 20. f4 Nh5 21. Qe2 Ndf6 22. Bg2 Bg4 23. Qxa6 Nxf4 24. gxf4 Nh5 25. Nb5 Qd7 26. Bxg7 Kxg7 27. Rf1 Bh3 28. f5 Bxg2 29. Kxg2 Qe7 30. Kh1 Qh4 31. Rf3 Nf6 32. Nc3 Ng4 33. Qe2 Ne5 34. f6+ Kg8 35. Rff1 h5 36. Nf3 Nxf3 37. Qxf3 Re5 38. Qf4 1-0

[Event "Montcalm op 3 2017-18"]
[Site "Quebec CAN"]
[Date "2017.11.16"]
[Round "1"]
[White "Sarra-Bournet, Marc"]
[Black "Auger, Bertrand"]
[Result "0-1"]
[WhiteElo "1863"]
[BlackElo "1932"]
[WhiteFideId "-1"]
[WhiteFideId "-1"]
[PlyCount "154"]
[GameId "2160767908300682"]
[EventDate "2017.11.16"]
[EventType "swiss"]
[EventRounds "5"]
[EventCountry "CAN"]
[SourceTitle "EXT 2022"]
[Source "ChessBase"]
[SourceDate "2021.10.06"]
[SourceVersion "1"]
[SourceVersionDate "2021.10.06"]
[SourceQuality "1"]

1. e4 e6 2. d4 d5 3. Nd2 dxe4 4. Nxe4 Bd7 5. Nf3 Bc6 6. Bd3 Nd7 7. O-O Ngf6 8. Qe2 Bxe4 9. Bxe4 Nxe4 10. Qxe4 c6 11. Bg5 Be7 12. Bxe7 Qxe7 13. c4 Nf6 14. Qe2 O-O 15. Rad1 Rad8 16. Rfe1 Qc7 17. Ne5 Rd6 18. Rd3 Rfd8 19. Ng4 Nxg4 20. Qxg4 Qd7 21. Red1 e5 22. Qxd7 R8xd7 23. d5 Kf8 24. Kf1 cxd5 25. c5 Ra6 26. Rxd5 Rxd5 27. Rxd5 Rxa2 28. Rd2 Ke7 29. Ke2 Ra5 30. b4 Rb5 31. Rb2 Ke6 32. Kd3 Kd5 33. Kc3 a5 34. Rd2+ Kc6 35. bxa5 Rxa5 36. Rd6+ Kc7 37. Kc4 Ra2 38. Rd5 f6 39. Rd3 Rxf2 40. Rg3 g6 41. Kd5 Kd7 42. Rh3 h5 43. Rb3 Rd2+ 44. Ke4 Rd4+ 45. Ke3 Kc7 46. Rb6 Rf4 47. g3 Rf1 48. Ke2 Rf5 49. Ke3 g5 50. Ke4 Rf1 51. Ke3 f5 52. Rh6 h4 53. gxh4 gxh4 54. Rxh4 Kc6 55. Ke2 Rh1 56. Rh5 Kxc5 57. Rxf5 Rxh2+ 58. Kd3 Kd5 59. Rf7 Rh3+ 60. Kd2 b5 61. Rb7 Kc4 62. Rc7+ Kb4 63. Re7 Rh2+ 64. Kd3 Rh3+ 65. Ke4 Rh5 66. Rb7 Kc4 67. Rc7+ Kb3 68. Rb7 b4 69. Kd3 Rh4 70. Rb5 e4+ 71. Kd2 Ka3 72. Ra5+ Kb2 73. Ke3 b3 74. Ra8 Kb1 75. Kd2 b2 76. Rb8 Rh3 77. Re8 Ka2 0-1

[Event "Montcalm op 3 2017-18"]
[Site "Quebec CAN"]
[Date "2017.11.23"]
[Round "2"]
[White "Auger, Bertrand"]
[Black "Lessard, Claude"]
[Result "0-1"]
[WhiteElo "1932"]
[BlackElo "2121"]
[WhiteFideId "-1"]
[WhiteFideId "-1"]
[PlyCount "72"]
[GameId "2160767908300683"]
[EventDate "2017.11.16"]
[EventType "swiss"]
[EventRounds "5"]
[EventCountry "CAN"]
[SourceTitle "EXT 2022"]
[Source "ChessBase"]
[SourceDate "2021.10.06"]
[SourceVersion "1"]
[SourceVersionDate "2021.10.06"]
[SourceQuality "1"]

1. d4 c5 2. Nf3 cxd4 3. Nxd4 b6 4. e4 Bb7 5. Nc3 e6 6. Bd3 Nc6 7. Nxc6 dxc6 8. O-O Nf6 9. Qe2 a5 10. a3 Nd7 11. Be3 Be7 12. f4 e5 13. f5 O-O 14. Rfd1 b5 15. Qf2 Qc7 16. Be2 b4 17. Na4 c5 18. Rxd7 Qxd7 19. Nb6 Qc7 20. Nxa8 Rxa8 21. Qg3 Kh8 22. Bc4 Bxe4 23. Bxf7 Rf8 24. Be6 Bxc2 25. Qf2 b3 26. g4 c4 27. Re1 c3 28. bxc3 Qxc3 29. Qd2 Qxd2 30. Bxd2 Bxa3 31. Bxa5 Bc5+ 32. Kg2 Bd4 33. Bb4 Ra8 34. Be7 h6 35. f6 gxf6 36. Bxf6+ Kh7 0-1

[Event "Montcalm op 3 2017-18"]
[Site "Quebec CAN"]
[Date "2017.11.23"]
[Round "2"]
[White "Chouinard, Etienne"]
[Black "Gaulin, Gaetan"]
[Result "0-1"]
[WhiteElo "1903"]
[BlackElo "1956"]
[WhiteFideId "-1"]
[WhiteFideId "-1"]
[PlyCount "54"]
[GameId "2160767908300684"]
[EventDate "2017.11.16"]
[EventType "swiss"]
[EventRounds "5"]
[EventCountry "CAN"]
[SourceTitle "EXT 2022"]
[Source "ChessBase"]
[SourceDate "2021.10.06"]
[SourceVersion "1"]
[SourceVersionDate "2021.10.06"]
[SourceQuality "1"]

1. d4 Nf6 2. c4 e6 3. Nc3 Bb4 4. Qc2 d5 5. e3 O-O 6. Bd2 a6 7. Nf3 Nbd7 8. a3 Bxc3 9. bxc3 Qe7 10. cxd5 exd5 11. c4 Re8 12. cxd5 Nxd5 13. Bd3 N7f6 14. O-O Ne4 15. Ne5 Nxd2 16. Bxh7+ Kh8 17. Bg6 Nf3+ 18. gxf3 Qg5+ 19. Kh1 Rxe5 20. Rg1 fxg6 21. dxe5 Qf5 22. Qd1 Qxe5 23. e4 Nf6 24. Qd8+ Kh7 25. Rac1 c6 26. Rg3 Nh5 27. Qh4 Qf4 0-1